Annual administration report of the Jammu and Kashmir State for the second half of S. 1998 and for S.1999 (18 months from 16th October 1941 to 12th April 1943 (Record no. 194091)

MARC details
000 -LEADER
fixed length control field 00796nam a2200229Ia 4500
003 - CONTROL NUMBER IDENTIFIER
control field OSt
005 - DATE AND TIME OF LATEST TRANSACTION
control field 20220918192320.0
008 - FIXED-LENGTH DATA ELEMENTS--GENERAL INFORMATION
fixed length control field 220917b |||||||| |||| 00| 0 eng d
037 ## - SOURCE OF ACQUISITION
Terms of availability Textual
040 ## - CATALOGING SOURCE
Original cataloging agency ARTS
Transcribing agency ARTS
Language of cataloging eng
041 ## - LANGUAGE CODE
Source of code eng
Language code of text/sound track or separate title eng
110 ## - MAIN ENTRY--CORPORATE NAME
Corporate name or jurisdiction name as entry element Jammu and Kashmir , Administration Report
9 (RLIN) 78903
245 #0 - TITLE STATEMENT
Title Annual administration report of the Jammu and Kashmir State for the second half of S. 1998 and for S.1999 (18 months from 16th October 1941 to 12th April 1943
260 ## - PUBLICATION, DISTRIBUTION, ETC.
Place of publication, distribution, etc. Jammu
Name of publisher, distributor, etc. Ranbir Government Press
Date of publication, distribution, etc. 1944
700 ## - ADDED ENTRY--PERSONAL NAME
Personal name Jammu and Kashmir , Administration Report
9 (RLIN) 78904
942 ## - ADDED ENTRY ELEMENTS (KOHA)
Classification part V247rN43<-N41, H4
Koha item type Textual
Source of classification or shelving scheme Colon Classification (CC)
Holdings
Withdrawn status Lost status Damaged status Not for loan Home library Current library Date acquired Total Checkouts Full call number Barcode Date last seen Price effective from Koha item type
        Arts Library Arts Library 2022-09-18   V247rN43<-N41 H4 AL1132674 2022-09-18 2022-09-18 Textual
Copyright @ Delhi University Library System